Recent population movements in Zambia (Record no. 79995)

MARC details
000 -LEADER
fixed length control field 00941nam a2200193 a 4500
008 - FIXED-LENGTH DATA ELEMENTS--GENERAL INFORMATION
fixed length control field 061109s1973 ||||||||||||||||| || u
050 ## - LIBRARY OF CONGRESS CALL NUMBER
Classification number UNZA-IAS(08)ZP/8
100 ## - MAIN ENTRY--PERSONAL NAME
Personal name Jackman, Mary Elizabeth
245 10 - TITLE STATEMENT
Title Recent population movements in Zambia
Statement of responsibility, etc. By Mary Elizabeth Jackman
246 ## -
-- some aspects of the 1969 census
260 ## - PUBLICATION, DISTRIBUTION, ETC.
Place of publication, distribution, etc. Lusaka
Name of publisher, distributor, etc. University of Zambia Institute for African Studies
Date of publication, distribution, etc. 1973
350 ## -
-- 0.00
490 ## -
-- Zambian papers
650 ## - SUBJECT ADDED ENTRY--TOPICAL TERM
Topical term or geographic name entry element POPULATION--ZAMBIA
650 #0 - SUBJECT ADDED ENTRY--TOPICAL TERM
Topical term or geographic name entry element CENSUS OF POPULATION--ZAMBIA
710 ## - ADDED ENTRY--CORPORATE NAME
Corporate name or jurisdiction name as entry element University of Zambia. Institute for African Studies
995 ## -
-- SPECIAL COLLECTIONS
-- 0.00
-- UNZA-IAS(08)ZP/8A
-- CBU-MAIN LIBRARY (Kitwe)
-- 1
-- 0.00
-- UNZA-IAS(08)ZP/8A
-- 8A
-- AVAILABLE
-- Nov 9, 2006
-- Z03001358
-- Zambiana Collection
995 ## -
-- SPECIAL COLLECTIONS
-- 0.00
-- UNZA-IAS(08)ZP/8B
-- CBU-MAIN LIBRARY (Kitwe)
-- 1
-- 0.00
-- UNZA-IAS(08)ZP/8B
-- 8B
-- AVAILABLE
-- Nov 9, 2006
-- Z03001359
-- Zambiana Collection
999 ## -
-- 79995
-- 79995
Holdings
Withdrawn status Lost status Source of classification or shelving scheme Damaged status Not for loan Permanent Location Current Location Shelving location Date acquired Total Checkouts Full call number Barcode Date last seen Copy number Price effective from Koha item type
          CBU-MAIN LIBRARY, KITWE. CBU-MAIN LIBRARY, KITWE.   06/29/2023   UNZA-IAS(08)ZP/8A Z03001358 06/29/2023 1 06/29/2023 SPECIAL COLLECTION
          CBU-MAIN LIBRARY, KITWE. CBU-MAIN LIBRARY, KITWE.   06/29/2023   UNZA-IAS(08)ZP/8B Z03001359 06/29/2023 2 06/29/2023 SPECIAL COLLECTION